A manual of mammalogy : (Registro nro. 4985)

Detalles MARC
000 -CABECERA
Campo de control 00894cam a2200253 i 4500
005 - FECHA Y HORA DE LA ULTIMA TRANSACCION
Campo de control 20160124100807.0
008 - ELEMENTOS DE LONGITUD FIJA—INFORMACION GENERAL
Campo de control 000405s2000 maua b 001 0 eng
020 ## - ISBN
ISBN 0697006433
040 ## - FUENTE DE CATALOGACIÓN
Agencia catalogadora original DLC
Agencia transcriptora DLC
Agencia Modificadora DLC
-- CO-BoIAVH
041 ## - IDIOMA
Código de idioma para texto/pista de sonido o título separado Inglés
042 ## - AUTHENTICATION CODE
Authentication code pcc
082 04 - NUMERO DE CLASIFICACION DECIMAL DEWEY
Número de clasificación 599
Número del ítem M37m
100 1# - ASIENTO PRINCIPAL--NOMBRE PERSONAL
Nombre personal Martin, Robert Eugene,
Fechas asociadas con el nombre 1944-
9 (RLIN) 54627
245 12 - MENCION DE TITULO
Título A manual of mammalogy :
Parte restante del título with keys to families of the world /
Mención de responsabilidad Robert E. Martin, Ronald H. Pine, Anthony F. DeBlase.
250 ## - MENCION DE EDICION
Mención de edición Tercera edición
260 ## - PUBLICACION, DISTRIBUCION, ETC. (PIE DE IMPRENTA)
Lugar de publicación, distribución, etc. Boston :
Nombre del editor, distribuidor, etc. McGraw Hill,
Fecha de publicación, distribución, etc. c2001.
300 ## - DESCRIPCION FISICA
Extensión xv, 333 páginas :
Otros detalles físicos ilustraciones ;
Dimensiones 28 cm.
650 14 - ASIENTO SECUNDARIO DE MATERIA - TERMINO TEMATICO
Término temático o nombre geográfico como elemento de entrada Mamíferos
9 (RLIN) 54628
650 24 - ASIENTO SECUNDARIO DE MATERIA - TERMINO TEMATICO
Término temático o nombre geográfico como elemento de entrada Mamíferos
Subdivisión de forma Identificación.
9 (RLIN) 54629
700 1# - ASIENTO SECUNDARIO - NOMBRE PERSONAL
Nombre personal Pine, Ronald H.,
Término de relación autor.
9 (RLIN) 22420
700 1# - ASIENTO SECUNDARIO - NOMBRE PERSONAL
Nombre personal DeBlase, Anthony F.,
Término de relación autor.
9 (RLIN) 22421
856 41 - LOCALIZACION Y ACCESO ELECTRONICOS
Especificación de los materiales Tabla de contenido
Identificador Uniforme del Recurso http://www.loc.gov/catdir/toc/mh021/00039414.html
942 ## - ELEMENTOS ADICIONALES (KOHA)
Sistema de clasificación Dewey Decimal Classification
Tipo de ítem Libro
Existencias
Withdrawn status Lost status Sistema de Clasificación Damaged status No para préstamo Colección Inventariado Ubicación Permanente Ubicación actual Fecha de adquisición Fuente de Valor Valor Total Checkouts Número topográfico Inventario / Código de Barras Date last seen Ejemplar Price effective from Forma de adquisición Tipo de material
    Dewey Decimal Classification     General Inventariado 2017 Bogotá Bogotá 20/12/2005 Instituto 39000.00   LB-599 M37m 022646 04/12/2012 Ej. 1 04/12/2012 Compra Libro